Endosymbiosis of animals with plant microorganisms. (Record no. 135146)
[ view plain ]
| 000 -LEADER | |
|---|---|
| fixed length control field | 01159cam0a220026500 4500 |
| 001 - CONTROL NUMBER | |
| control field | lce00575366 |
| 008 - FIXED-LENGTH DATA ELEMENTS--GENERAL INFORMATION | |
| fixed length control field | 850222s1965 nyua b 000 0 eng |
| 010 ## - LIBRARY OF CONGRESS CONTROL NUMBER | |
| LC control number | 65014258 //r85 |
| 035 ## - SYSTEM CONTROL NUMBER | |
| System control number | (Sirsi) r95485 |
| 035 ## - SYSTEM CONTROL NUMBER | |
| System control number | (DLC) 65014258 //r85 |
| 035 ## - SYSTEM CONTROL NUMBER | |
| System control number | (UPRA)lce00575366 |
| 041 1# - LANGUAGE CODE | |
| Language code of text/sound track or separate title | eng ger |
| Language code of original | eng ger |
| 050 0# - LIBRARY OF CONGRESS CALL NUMBER | |
| Classification number | QH548 |
| Item number | .B743 |
| 082 0# - DEWEY DECIMAL CLASSIFICATION NUMBER | |
| Classification number | 574.55 |
| 100 1# - MAIN ENTRY--PERSONAL NAME | |
| Personal name | Buchner, Paul, 1886- |
| Dates associated with a name | Buchner, Paul, 1886- |
| Linkage | A54111.1 |
| 240 10 - UNIFORM TITLE | |
| Uniform title | Endosymbiose der Tiere mit pflanzlichen Mikroorganismen. English |
| Language of a work | Endosymbiose der Tiere mit pflanzlichen Mikroorganismen. English |
| 245 10 - TITLE STATEMENT | |
| Title | Endosymbiosis of animals with plant microorganisms. |
| 250 ## - EDITION STATEMENT | |
| Edition statement | Rev. Eng. ed. [Translated by Bertha Mueller, with the collaboration of Francis H. Fockier]. |
| Remainder of edition statement | Rev. Eng. ed. [Translated by Bertha Mueller, with the collaboration of Francis H. Fockier]. |
| 260 ## - PUBLICATION, DISTRIBUTION, ETC. | |
| Place of publication, distribution, etc. | New York, |
| Name of publisher, distributor, etc. | Interscience Publishers |
| Date of publication, distribution, etc. | [1965] |
| 500 ## - GENERAL NOTE | |
| General note | Orig. published as Endosymbiosis der Tiere mit pflanzlichen Mikroorganismen, 1953. |
| 504 ## - BIBLIOGRAPHY, ETC. NOTE | |
| Bibliography, etc. note | "References": p. 839-889. |
| 650 #0 - SUBJECT ADDED ENTRY--TOPICAL TERM | |
| Topical term or geographic name entry element | Endosymbiosis. |
| Linkage | S42105.1 |
| 949 ## - LOCAL PROCESSING INFORMATION (OCLC) | |
| a | QH548 |
| w | lcc |
| i | -134887 |
| m | MAIN |
| t | BOOK |
| l | ON-SHELF |
No items available.